000 00981nam a2200301Ia 4500
001 Para_6530
003 CHAP
008 220125s1981 xx 000 0 und d
010 _a205388
040 _cCHAP
090 _aPA FOLLETO 538
100 _aGarcía Calderón, Rafael
_945799
245 _aControl de malezas de chile en Aguascalientes /
_c por Rafael García Calderon, Enrique Zamarripa Romero
260 _aPabellón, Ags. :
_b INIA. CAEPAB
300 _a1 hoja desplegable
440 _aDesplegable para productores; 7
_9171419
650 _aChile (botánica)
_x plagas
_922380
650 _aMalas hierbas
_x control
_970011
700 _aZamarripa Romero, Enrique
_9123473
710 _aInstituto Nacional de Investigaciones Agrícolas (México). CAEPAB
_9169560
901 _aPA FOLLETO 538
902 _aA
905 _a0000001981 0000000000 00
910 _a1981
942 _cPARA
942 _cPARA
_d1
999 _c205388
_d205388